000 00730nam a22002537a 4500
001 BR9405389
003 BR-BrBNA
005 20230928094324.0
007 ta
008 230509b bl.||||| |||| 00| 0 por d
040 _aBR-BrBNA
_bpor
_cBiblioteca Nacional de Agricultura
041 _a(Por)
072 _aJ10
090 _ J10 BR9405389
110 1 _aAssociacao Brasileira da Industria de Armazenagem Frigorificada, Sao Paulo, SP (Brasil)
_9179
245 1 _aA rede brasileira de armazens frigorificos de uso publico
260 3 _aSao Paulo, SP (Brasil):
_c1994.
300 _a16 p.
500 _a7 tables
650 _aArmazenamento
650 _aFrigorifico
909 _a202309
_bLucia
_c55
_dLucia Elande
942 _cBK
999 _c50051
_d50051